[Event "Steinfurt Bezirksklasse 1314"]
[Site "Germany"]
[Date "2014.04.05"]
[Round "7.6"]
[White "Hohenberger, Rudolf"]
[Black "Reis, Anton"]
[Result "1/2-1/2"]
[WhiteElo "1430"]
[BlackElo "1414"]
[PlyCount "78"]
[EventDate "2013.10.05"]
[EventType "team-tourn"]
[EventRounds "9"]
[EventCountry "GER"]
[SourceTitle "EXT 2015"]
[Source "ChessBase"]
[SourceDate "2014.11.20"]
[SourceVersion "1"]
[SourceVersionDate "2014.11.20"]
[SourceQuality "1"]
[WhiteTeam "Westerkappeln"]
[BlackTeam "Rheine SG"]
[WhiteTeamCountry "GER"]
[BlackTeamCountry "GER"]

1. e4 e5 2. Nf3 Nc6 3. d4 exd4 4. Nxd4 Bc5 5. Nxc6 bxc6 6. Nc3 d6 7. Be2 Nf6 8. 0-0 0-0 9. Bg5 Re8 10. Bf3 Ba6 11. Re1 Bb4 12. Qd2 Bb7 13. a3 Ba5 14. b4 Bb6 15. b5 Ba5 16. Rab1 Re5 17. Bf4 Bxc3 18. Qxc3 Rc5 19. Qd3 Nd7 20. Be3 Ne5 21. Qe2 Nxf3+ 22. gxf3 Rh5 23. a4 Qh4 24. Qd2 a6 25. Bf4 axb5 26. Bg3 Qh3 27. axb5 cxb5 28. c4 f5 29. Rxb5 fxe4 30. fxe4 Rxb5 31. cxb5 Qg4 32. Qf4 Qxf4 33. Bxf4 Ra5 34. e5 Rxb5 35. exd6 cxd6 36. Bxd6 Rg5+ 37. Bg3 h5 38. h4 Rg4 39. Kh2 Kf7 1/2-1/2

[Event "Steinfurt Bezirksliga 1011"]
[Site "Germany"]
[Date "2011.05.07"]
[Round "9.8"]
[White "Schulte, Rainer"]
[Black "Reis, Anton"]
[Result "1-0"]
[WhiteElo "1470"]
[BlackElo "1382"]
[PlyCount "117"]
[EventDate "2010.10.02"]
[EventType "team-tourn"]
[EventRounds "9"]
[EventCountry "GER"]
[SourceTitle "EXT 2012"]
[Source "ChessBase"]
[SourceDate "2011.11.24"]
[SourceVersion "1"]
[SourceVersionDate "2011.11.24"]
[SourceQuality "1"]
[WhiteTeam "Emsdetten Rochade II"]
[BlackTeam "Rheine SG"]
[WhiteTeamCountry "GER"]
[BlackTeamCountry "GER"]

1. d4 d5 2. c4 Bf5 3. Nc3 e6 4. Nf3 Nf6 5. Bg5 Be7 6. e3 0-0 7. Nh4 Bg6 8. Nxg6 fxg6 9. Bxf6 Rxf6 10. cxd5 exd5 11. Qb3 Rb6 12. Qxd5+ Kh8 13. Qxd8+ Bxd8 14. b3 Nd7 15. Be2 Bf6 16. Bf3 Rc8 17. Nd5 Rb5 18. Rb1 c6 19. a4 Rxd5 20. Bxd5 cxd5 21. 0-0 Bd8 22. Rbc1 Rb8 23. Rc2 a5 24. Rfc1 Nb6 25. Rc5 Ra8 26. Rb5 Kg8 27. Rcc5 Kf7 28. Rxa5 Rxa5 29. Rxa5 Ke6 30. Rb5 Kd6 31. a5 Kc6 32. Rc5+ Kd6 33. axb6 h5 34. Rc8 Kd7 35. Ra8 Bf6 36. Ra5 Kc6 37. Rc5+ Kd6 38. Rc7 g5 39. Rxb7 Kc6 40. Rb8 h4 41. b7 Kc7 42. Rc8+ Kxb7 43. Rc5 g4 44. Rxd5 Kc6 45. Rc5+ Kd7 46. b4 Be7 47. Rc4 Bd6 48. d5 g3 49. hxg3 hxg3 50. f3 Be5 51. f4 Bd6 52. Kf1 Bb8 53. Ke2 Kd6 54. e4 g5 55. fxg5 Ke5 56. Kf3 Ba7 57. Kxg3 Bd4 58. Rxd4 Kxd4 59. d6 1-0

[Event "Steinfurt Bezirksliga 1011"]
[Site "Germany"]
[Date "2011.01.22"]
[Round "4.8"]
[White "Reis, Anton"]
[Black "Jenderaszyjk, Daniel"]
[Result "0-1"]
[WhiteElo "1382"]
[BlackElo "1270"]
[PlyCount "98"]
[EventDate "2010.10.02"]
[EventType "team-tourn"]
[EventRounds "9"]
[EventCountry "GER"]
[SourceTitle "EXT 2012"]
[Source "ChessBase"]
[SourceDate "2011.11.24"]
[SourceVersion "1"]
[SourceVersionDate "2011.11.24"]
[SourceQuality "1"]
[WhiteTeam "Rheine SG"]
[BlackTeam "Emsdetten Rochade III"]
[WhiteTeamCountry "GER"]
[BlackTeamCountry "GER"]

1. e4 e5 2. Nf3 Nc6 3. Bc4 Bc5 4. d3 h6 5. Nc3 Nf6 6. 0-0 Qe7 7. Be3 0-0 8. Qd2 a6 9. Nh4 Bxe3 10. fxe3 Na5 11. Ng6 Qd6 12. Nxe5 Qxe5 13. Rf5 Nxc4 14. Rxe5 Nxd2 15. Rd1 Ndxe4 16. dxe4 d6 17. Re7 c6 18. Rxd6 Rb8 19. h3 Be6 20. b3 Rfe8 21. Rc7 Kf8 22. Kf2 Re7 23. Rxe7 Kxe7 24. Rd1 Rd8 25. Rc1 Nd7 26. g4 a5 27. Rg1 g6 28. Kf3 g5 29. Ke2 Ne5 30. Rh1 Rh8 31. Na4 h5 32. Nc5 Bc8 33. Rg1 hxg4 34. hxg4 Rh2+ 35. Kd1 Nxg4 36. Rg3 Nf2+ 37. Ke1 b6 38. Na4 Nxe4 39. Rg1 b5 40. Nb2 Bh3 41. Nd3 Kd6 42. c4 Rg2 43. Rh1 bxc4 44. bxc4 g4 45. c5+ Ke6 46. Nf4+ Ke5 47. Nxg2 Bxg2 48. Rh5+ f5 49. Rh6 Nxc5 0-1

[Event "Paulista-ch final"]
[Site "Santos"]
[Date "2008.06.26"]
[Round "1"]
[White "Reis, Anton"]
[Black "Van Riemsdijk, Herman Claudius"]
[Result "0-1"]
[WhiteElo "1983"]
[BlackElo "2396"]
[PlyCount "68"]
[EventDate "2008.06.26"]
[EventType "swiss"]
[EventRounds "7"]
[EventCountry "BRA"]
[SourceTitle "CBM 125 Extra"]
[Source "ChessBase"]
[SourceDate "2008.09.01"]
[SourceVersion "1"]
[SourceVersionDate "2008.09.01"]
[SourceQuality "1"]

1. d4 c5 2. d5 Nf6 3. c4 b5 4. cxb5 a6 5. bxa6 g6 6. Nc3 Bxa6 7. e4 Bxf1 8. Kxf1 d6 9. Nf3 Nbd7 10. Kg1 Bg7 11. h3 Qa5 12. Kh2 0-0 13. Re1 Rfb8 14. Qc2 Ne8 15. Bd2 Nc7 16. a3 Qb6 17. Rab1 Qb3 18. Rec1 Kf8 19. Be1 Ne5 20. Nxe5 Bxe5+ 21. g3 Qxc2 22. Rxc2 Rb3 23. Bd2 Rab8 24. Kg2 Ke8 25. Kf1 Kd7 26. Ke1 f5 27. f3 Bxg3+ 28. Kd1 Be5 29. Kc1 fxe4 30. fxe4 Rf8 31. Be1 Rf1 32. Kd2 Rh1 33. h4 Bf6 34. Nd1 Nb5 0-1

[Event "Steinfurt Bezirksliga 0708"]
[Site "Germany"]
[Date "2008.05.10"]
[Round "9.8"]
[White "Reis, Anton"]
[Black "Poepper, Florian"]
[Result "1-0"]
[WhiteElo "1297"]
[BlackElo "1443"]
[PlyCount "33"]
[EventDate "2007.09.22"]
[EventType "team-tourn"]
[EventRounds "9"]
[EventCountry "GER"]
[SourceTitle "EXT 2009"]
[Source "ChessBase"]
[SourceDate "2008.11.26"]
[SourceVersion "1"]
[SourceVersionDate "2008.11.26"]
[SourceQuality "1"]
[WhiteTeam "Rheine SG"]
[BlackTeam "Steinfurt II"]
[WhiteTeamCountry "GER"]
[BlackTeamCountry "GER"]

1. e4 e6 2. Nf3 d5 3. exd5 exd5 4. d4 c5 5. Bb5+ Bd7 6. Nc3 Nf6 7. Bg5 Bxb5 8. Nxb5 Nc6 9. 0-0 Qb6 10. Re1+ Ne4 11. Nc3 f5 12. Nxd5 Qa5 13. c4 Kf7 14. Ne5+ Nxe5 15. dxe5 Ke6 16. Nc7+ Qxc7 17. Qd5# 1-0

[Event "Steinfurt Bezirksklasse 0304"]
[Site "Germany"]
[Date "2004.03.20"]
[Round "8.7"]
[White "Trotnow, Peter"]
[Black "Reis, Anton"]
[Result "1-0"]
[WhiteElo "1489"]
[BlackElo "1266"]
[PlyCount "92"]
[EventDate "2003.09.27"]
[EventType "team-tourn"]
[EventRounds "11"]
[EventCountry "GER"]
[SourceTitle "EXT 2005"]
[Source "ChessBase"]
[SourceDate "2004.11.15"]
[SourceVersion "1"]
[SourceVersionDate "2004.11.15"]
[SourceQuality "1"]
[WhiteTeam "Reckenfeld II"]
[BlackTeam "Rheine SG II"]
[WhiteTeamCountry "GER"]
[BlackTeamCountry "GER"]

1. e4 e5 2. Bc4 Bc5 3. Nf3 d6 4. h3 Nf6 5. d3 0-0 6. Bg5 Be6 7. Bb3 Nbd7 8. 0-0 c6 9. Nc3 a5 10. Re1 b5 11. a3 Qb6 12. Be3 Bxb3 13. cxb3 Bxe3 14. Rxe3 Nc5 15. Rc1 b4 16. Na4 Nxa4 17. bxa4 bxa3 18. bxa3 c5 19. Nd2 Nd7 20. Nc4 Qc6 21. Rb1 Rfb8 22. Rxb8+ Nxb8 23. Re2 Nd7 24. Rb2 Qc7 25. Qb1 Ra6 26. Rb7 Qc8 27. Rxd7 h6 28. Qb7 Qxb7 29. Rxb7 Kf8 30. Rb6 Rxb6 31. Nxb6 Ke7 32. Nc4 Ke6 33. Nxa5 f5 34. Nc4 fxe4 35. dxe4 d5 36. exd5+ Kxd5 37. a5 Kxc4 38. a6 Kd3 39. a7 c4 40. a8Q c3 41. Qd5+ Kc2 42. Qxe5 Kb3 43. Qc5 Kb2 44. Qb4+ Kc2 45. a4 Kd2 46. Qd4+ Kc2 1-0

[Event "Steinfurt Bezirksliga 0304"]
[Site "Germany"]
[Date "2003.12.20"]
[Round "3.8"]
[White "Reis, Anton"]
[Black "Schulte, Rainer"]
[Result "0-1"]
[WhiteElo "1266"]
[BlackElo "1468"]
[PlyCount "114"]
[EventDate "2003.10.18"]
[EventType "team-tourn"]
[EventRounds "9"]
[EventCountry "GER"]
[SourceTitle "EXT 2005"]
[Source "ChessBase"]
[SourceDate "2004.11.15"]
[SourceVersion "1"]
[SourceVersionDate "2004.11.15"]
[SourceQuality "1"]
[WhiteTeam "Rheine SG"]
[BlackTeam "Emsdetten Rochade III"]
[WhiteTeamCountry "GER"]
[BlackTeamCountry "GER"]

1. e4 c6 2. Nf3 d5 3. exd5 cxd5 4. d4 Nc6 5. Bf4 Nf6 6. Bb5 Bd7 7. c3 g6 8. Bxc6 bxc6 9. Be5 Bg7 10. 0-0 0-0 11. Ng5 Qc8 12. Nd2 Re8 13. Nb3 Bf5 14. Nc5 Nd7 15. Bxg7 Kxg7 16. b4 Nxc5 17. dxc5 e5 18. Nf3 Qc7 19. Nd2 Be6 20. Nb3 a6 21. Qd2 Rad8 22. f4 e4 23. Nd4 f5 24. a4 Bd7 25. Rfe1 Rb8 26. a5 Re7 27. Re3 Qxf4 28. Rf1 Qg5 29. Qf2 Rf8 30. Rg3 Qf6 31. Ne2 Ref7 32. Nf4 Kh8 33. Qd4 Rg8 34. Qxf6+ Rxf6 35. h4 Be8 36. Kf2 h6 37. Rh1 Kh7 38. Ke3 Rg7 39. Kd4 Re7 40. Ke3 Rg7 41. Kd4 Re7 42. Ke3 Rf8 43. Nh3 Kg7 44. Rf1 Kf6 45. Kf4 Bf7 46. Re3 Rd7 47. Rd1 Rfd8 48. Rd4 Rg8 49. Rg3 Be8 50. Ke3 g5 51. Ke2 Rdg7 52. Rd1 f4 53. Rf1 Ke5 54. hxg5 fxg3 55. gxh6 Rh7 56. Ke3 Rxh6 57. Nf4 Rf6 0-1

[Event "Steinfurt Bezirksklasse 0304"]
[Site "Germany"]
[Date "2003.11.08"]
[Round "3.6"]
[White "Reis, Anton"]
[Black "Agnischock, Daniel"]
[Result "1-0"]
[WhiteElo "1266"]
[BlackElo "1226"]
[PlyCount "51"]
[EventDate "2003.09.27"]
[EventType "team-tourn"]
[EventRounds "11"]
[EventCountry "GER"]
[SourceTitle "EXT 2005"]
[Source "ChessBase"]
[SourceDate "2004.11.15"]
[SourceVersion "1"]
[SourceVersionDate "2004.11.15"]
[SourceQuality "1"]
[WhiteTeam "Rheine SG II"]
[BlackTeam "Ibbenbueren III"]
[WhiteTeamCountry "GER"]
[BlackTeamCountry "GER"]

1. e4 e5 2. Bc4 Nf6 3. d3 d6 4. Bg5 Be7 5. Nc3 Nc6 6. Nge2 Bg4 7. f3 Bh5 8. 0-0 0-0 9. Ng3 a6 10. Bxf6 Bxf6 11. Nxh5 Bg5 12. f4 Bh6 13. Qg4 Ne7 14. Rf3 Kh8 15. f5 g6 16. fxg6 Nxg6 17. Nf6 Kg7 18. Raf1 Qe7 19. Qd7 Qxd7 20. Nxd7 Rfd8 21. Rxf7+ Kh8 22. Nf6 Bg7 23. Nh5 Bh6 24. Rxc7 Rab8 25. Rff7 Nf8 26. Nf6 1-0

[Event "Steinfurt Bezirksliga 0304"]
[Site "Germany"]
[Date "2003.10.18"]
[Round "1.8"]
[White "Reis, Anton"]
[Black "Westers, Stefan"]
[Result "1/2-1/2"]
[WhiteElo "1266"]
[BlackElo "1043"]
[PlyCount "39"]
[EventDate "2003.10.18"]
[EventType "team-tourn"]
[EventRounds "9"]
[EventCountry "GER"]
[SourceTitle "EXT 2005"]
[Source "ChessBase"]
[SourceDate "2004.11.15"]
[SourceVersion "1"]
[SourceVersionDate "2004.11.15"]
[SourceQuality "1"]
[WhiteTeam "Rheine SG"]
[BlackTeam "Emsdetten Turm IV"]
[WhiteTeamCountry "GER"]
[BlackTeamCountry "GER"]

1. e4 e6 2. Nc3 d5 3. exd5 exd5 4. d4 Nf6 5. Bg5 Be7 6. Nf3 0-0 7. Bd3 Nc6 8. Ne5 Nxd4 9. 0-0 Ne6 10. Bxf6 Bxf6 11. Re1 d4 12. Nb1 Bd7 13. Nd2 Nf4 14. Qf3 Nxd3 15. Qxd3 c5 16. Ndc4 Bb5 17. Re4 Bxc4 18. Qxc4 Rc8 19. Rae1 Bxe5 20. Rxe5 1/2-1/2